[Event "Moehnesee Cup"]
[Site "Moehnesee"]
[Date "2002.08.31"]
[Round "4"]
[White "Krenz, Tobias"]
[Black "Busche, Heinz"]
[Result "1-0"]
[WhiteElo "1324"]
[BlackElo "1546"]
[PlyCount "111"]
[EventDate "2002.08.30"]
[EventType "swiss"]
[EventRounds "7"]
[EventCountry "GER"]
[SourceTitle "CBM 090 Extra"]
[Source "ChessBase"]
[SourceDate "2002.11.07"]
[SourceVersion "1"]
[SourceVersionDate "2002.11.07"]
[SourceQuality "1"]

1. c4 Nf6 2. Nc3 e6 3. d3 d5 4. Bg5 Be7 5. Nf3 Nbd7 6. g3 0-0 7. Bg2 c6 8. Bf4 Nh5 9. Qd2 Nxf4 10. Qxf4 Bb4 11. cxd5 Bxc3+ 12. bxc3 exd5 13. 0-0 Nf6 14. Rad1 Qa5 15. Qd2 Re8 16. Nd4 Qc7 17. Rfe1 Bg4 18. Nf3 h6 19. d4 Ne4 20. Qc2 Bf5 21. Qc1 Nd6 22. Ne5 f6 23. Nd3 Bxd3 24. Rxd3 Re7 25. Re3 Rxe3 26. Qxe3 Re8 27. Qd3 Qf7 28. f3 f5 29. Qd2 Nc4 30. Qf4 g5 31. Qc1 Qe7 32. f4 Ne3 33. fxg5 hxg5 34. Qd2 Nxg2 35. Kxg2 Qe4+ 36. Kf2 f4 37. gxf4 gxf4 38. Rg1+ Kh7 39. Rg4 Rf8 40. Qd3 Qxd3 41. exd3 Rf5 42. Kf3 Rh5 43. h4 Kh6 44. Rxf4 Kg6 45. Kg4 Rh8 46. Rf5 Re8 47. Re5 Rg8 48. Rg5+ Kh7 49. Rxg8 Kxg8 50. h5 b5 51. Kg5 a5 52. h6 Kh7 53. Kf5 Kxh6 54. Ke5 b4 55. cxb4 axb4 56. Kd6 1-0